[Event "Open Vitrolles 2017/2018"]
[Site "Vitrolles"]
[Date "2018.04.07"]
[Round "9"]
[White "Bregier, Gerard"]
[Black "Reymond, Jean-Francois"]
[Result "1-0"]
[WhiteElo "1420"]
[BlackElo "1455"]
[PlyCount "39"]

1. d4 d5 2. Bf4 e6 3. Nf3 Nd7 4. e3 Bb4+ 5. c3 Ba5 6. Nbd2 Ngf6 7. Bd3 O-O 8.
Ne5 c6 9. Qf3 Bc7 10. Qh3 Re8 11. Ndf3 Nf8 12. Ng5 Ne4 13. Ngxf7 Qf6 14. f3
Bxe5 15. Nxe5 Ng5 16. Qh5 Nf7 17. h4 Re7 18. Bg5 Nxg5 19. hxg5 g6 20. gxf6 1-0

[Event "Open Vitrolles 2017/2018"]
[Site "Vitrolles"]
[Date "2018.04.07"]
[Round "9"]
[White "Jullien, Patrick"]
[Black "Maccagno, Gilbert"]
[Result "1-0"]
[WhiteElo "1585"]
[BlackElo "1381"]
[PlyCount "145"]

1. e4 c5 2. Nc3 g6 3. Nf3 Nc6 4. d4 cxd4 5. Nxd4 Bg7 6. Be3 Nf6 7. f3 O-O 8.
Qd2 Qa5 9. O-O-O d5 10. Nb3 Qd8 11. exd5 Ne5 12. Bh6 e6 13. Bxg7 Kxg7 14. d6
Bd7 15. Bb5 a6 16. Bxd7 Nexd7 17. Ne4 Rc8 18. Kb1 Nxe4 19. fxe4 b6 20. h4 h6
21. g4 Rc4 22. g5 h5 23. Rhe1 e5 24. Qd3 Qc8 25. c3 a5 26. Nd2 Rc5 27. Nf1 b5
28. Ne3 Qa6 29. Rd2 a4 30. Red1 Qc6 31. Nc2 Rc4 32. Re2 Qb7 33. Qd5 Rb8 34.
Qxb7 Rxb7 35. Nb4 Nc5 36. Rd5 Nd7 37. Kc2 Rb6 38. a3 f6 39. Kd2 Rc8 40. Ke3
fxg5 41. hxg5 Rf8 42. Rf2 Re8 43. Rd1 Rf8 44. Rd5 Rxf2 45. Kxf2 Kf7 46. Nd3 Ke6
47. Ke3 Rb8 48. Ne1 Rb6 49. Nf3 Rb8 50. Nh4 Kf7 51. Kd3 Rb6 52. Kc2 Rb7 53. b3
Rb6 54. b4 Rb8 55. Kd3 Rb6 56. c4 bxc4+ 57. Kxc4 Rc6+ 58. Kb5 Rc3 59. Kxa4 Rc4
60. Kb5 Rxe4 61. Nf3 Ke6 62. Rd3 h4 63. Ng1 Rg4 64. Nh3 Rg3 65. Rxg3 hxg3 66.
Kc6 Nb8+ 67. Kc7 Nd7 68. b5 g2 69. b6 g1=Q 70. Nxg1 Nxb6 71. Kxb6 Kxd6 72. a4
e4 73. a5 1-0

[Event "Open Vitrolles 2017/2018"]
[Site "Vitrolles"]
[Date "2018.04.07"]
[Round "9"]
[White "Porte, Jacques"]
[Black "Benoit-Lizon, Alain"]
[Result "0-1"]
[WhiteElo "1278"]
[BlackElo "1407"]
[PlyCount "64"]

1. d4 Nf6 2. c4 e6 3. Nc3 Bb4 4. Qc2 d5 5. Bd2 dxc4 6. Nf3 Bxc3 7. bxc3 b5 8.
e4 Bb7 9. Qb2 Bc6 10. Bg5 a6 11. e5 Bxf3 12. gxf3 Qd5 13. Bxf6 gxf6 14. O-O-O
fxe5 15. Bg2 exd4 16. Kb1 Qf5+ 17. Ka1 d3 18. Qd2 Nd7 19. f4 Rb8 20. Qe3 c5 21.
Bh3 Qf6 22. Bg2 Qxc3+ 23. Kb1 Qc2+ 24. Ka1 c3 25. Qc1 Qxc1+ 26. Rxc1 c2 27. Be4
c4 28. Kb2 Nc5 29. f3 b4 30. Bc6+ Ke7 31. Be4 c3+ 32. Ka1 b3 0-1

[Event "Open Vitrolles 2017/2018"]
[Site "Vitrolles"]
[Date "2018.04.07"]
[Round "9"]
[White "Misene, Milan"]
[Black "Blondelon, Claude"]
[Result "1/2-1/2"]
[WhiteElo "1341"]
[BlackElo "1252"]
[PlyCount "50"]

1. e4 e6 2. d4 d5 3. Nd2 dxe4 4. Nxe4 Nc6 5. Bb5 Bd7 6. Nf3 a6 7. Be2 Be7 8.
O-O Nf6 9. Nxf6+ Bxf6 10. c3 Ne7 11. Bd3 Ng6 12. Re1 O-O 13. Qc2 Bc6 14. Be4
Bxe4 15. Qxe4 c6 16. Bd2 Re8 17. h3 e5 18. Qc2 Qd6 19. Bg5 Re7 20. Bxf6 Qxf6
21. Re4 Rae8 22. Rae1 exd4 23. Rxe7 Rxe7 24. Rxe7 Qxe7 25. Nxd4 Nh4 1/2-1/2